Regreso de la u.r.s.s. / trad. por rubén darío (hijo) :
Guardado en:
| Autor Principal: | |
|---|---|
| Otros Autores: | , |
| Formato: | Libro |
| Publicado: |
Buenos Aires :
Sur,
1936
|
| Edición: | 3a. ed. |
| Materias: | |
| Etiquetas: |
Agregar Etiqueta
Sin Etiquetas, Sea el primero en etiquetar este registro!
|
| LEADER | 00678nam a22002295a 4500 | ||
|---|---|---|---|
| 001 | EHU.bham045314 | ||
| 003 | AR-BHAM | ||
| 005 | 20180808104342.0 | ||
| 008 | 130507s1936##################000#0#####d | ||
| 082 | 8 | 4 | |a 848.8 |
| 100 | 1 | |a Gide, André | |
| 245 | 1 | 0 | |a Regreso de la u.r.s.s. / |b trad. por rubén darío (hijo) : |c André Gide : |
| 250 | |a 3a. ed. | ||
| 260 | |a Buenos Aires : |b Sur, |c 1936 | ||
| 300 | |a 107 p. | ||
| 653 | |a Ensayo francés | ||
| 653 | |a Literatura francesa | ||
| 653 | |a Comunismo | ||
| 653 | |a Colección lejarraga | ||
| 700 | 1 | |a Darío, Rubén, trad. | |
| 700 | 1 | |a Ocampo, Victoria, pról. | |
| 859 | |a AR-BHAM |b BIB. HUMANIDADES - General |h 848.8 |i G361-2 |p 43.07 |t Ej.1 | ||
